[Event "AUT-ch U16 Girls"]
[Site "St Veit"]
[Date "2022.04.10"]
[Round "2"]
[White "Felder, Jessica"]
[Black "Wielander, Magdalena"]
[Result "0-1"]
[WhiteElo "1072"]
[BlackElo "1178"]
[PlyCount "88"]
[EventDate "2022.04.10"]
[EventType "swiss"]
[EventRounds "6"]
[EventCountry "AUT"]
[SourceTitle "EXT 2023"]
[Source "ChessBase"]
[SourceDate "2022.10.05"]
[SourceVersion "1"]
[SourceVersionDate "2022.10.05"]
[SourceQuality "1"]

1. e4 e6 2. d4 d5 3. e5 c5 4. c3 Nc6 5. Nf3 Bd7 6. Bd3 f6 7. 0-0 fxe5 8. dxe5 Qc7 9. Re1 0-0-0 10. Bf4 c4 11. Bc2 h6 12. Na3 a6 13. Nd4 Nxd4 14. Qxd4 Bc5 15. Qd2 g5 16. Be3 g4 17. Bxc5 Qxc5 18. Qe3 Qe7 19. b4 Rf8 20. Qc5+ Bc6 21. Qxe7 Nxe7 22. g3 b5 23. Bd1 h5 24. Nc2 Rfg8 25. Nd4 Bd7 26. Bc2 h4 27. a4 hxg3 28. fxg3 Nc6 29. Nxc6 Bxc6 30. axb5 axb5 31. Ra6 Kc7 32. Rf1 Rd8 33. Ra7+ Kb6 34. Rff7 d4 35. cxd4 Rxd4 36. Rh7 Rxh7 37. Rxh7 c3 38. Re7 Bd5 39. Rf7 Rxb4 40. Rf2 Rd4 41. Kf1 b4 42. Ke1 b3 43. Bb1 Bf3 44. Bg6 Rd1# 0-1